000 00545nam a2200205 4500
008 b xx# fre u
020 _a2747582175
020 _a9782747582179
040 _aLB-BrCRDP
082 _a370.7/SOL
100 1 _aSolar,Claudie
130 0 _lFR
245 1 0 _aLa formation continue
_bPerspectives internationales
_cClaudie Solar
260 _aParis
_bL'Harmattan
_c2005
300 _a270p.;
_c24cm
490 0 _aSavoir et formation
650 _aFormation
942 _cBK
999 _c16724
_d16724